L'architecture de la renaissance / (Record no. 161328)

MARC details
000 -LEADER
campo de control de longitud fija 00759nam a2200205 i 4500
001 - NÚMERO DE CONTROL
campo de control 161328
003 - IDENTIFICADOR DE NÚMERO DE CONTROL
campo de control ES-MaACL
005 - FECHA Y HORA DE LA ÚLTIMA TRANSACCIÓN
campo de control 20250626063210.0
008 - DATOS DE LONGITUD FIJA--INFORMACIÓN GENERAL
campo de control de longitud fija 000816s1892 fr a |||| | fre d
040 ## - FUENTE DE CATALOGACIÓN
Centro catalogador/agencia de origen CCPB | B
Lengua de catalogación spa
Centro/agencia transcriptor CCPB | B
100 1# - ENTRADA PRINCIPAL--NOMBRE DE PERSONA
Nombre de persona Palustre, Léon,
Fechas asociadas al nombre 1838-1894
9 (RLIN) 130809
245 12 - MENCIÓN DEL TÍTULO
Título L'architecture de la renaissance /
Mención de responsabilidad, etc. par Léon Palustre.
260 ## - PUBLICACIÓN, DISTRIBUCIÓN, ETC.
Lugar de publicación, distribución, etc. Paris :
Nombre del editor, distribuidor, etc. ancienne maison Quantin :
-- librairies-imprimeries réunies,
Fecha de publicación, distribución, etc. 1892.
300 ## - DESCRIPCIÓN FÍSICA
Extensión 352 p. :
Otras características físicas il. ;
Dimensiones 21 cm.
490 1# - MENCIÓN DE SERIE
Mención de serie Bibliothéque de l'Enseingnement des Beaux-Arts
650 #4 - PUNTO DE ACCESO ADICIONAL DE MATERIA--TÉRMINO DE MATERIA
Término de materia o nombre geográfico como elemento de entrada Arquitectura renacentista.
9 (RLIN) 10050
830 0# - PUNTO DE ACCESO ADICIONAL DE SERIE-TÍTULO UNIFORME
Título uniforme Bibliothéque de l'Enseingnement des Beaux-Arts
9 (RLIN) 222104
852 ## - LOCALIZACIÓN
Ubicación ES-MaACL
Número de control de estantería B-2518
Nota libre -- Enc. tela
Holdings
Estatus retirado Estado de pérdida Estado de daño No para préstamo Colección Biblioteca de origen Biblioteca actual Ubicación en estantería Fecha de adquisición Fuente de adquisición Total de préstamos Signatura topográfica completa Código de barras Visto por última vez Precio de reemplazo Tipo de ítem Koha
        Libros del s. XIX Biblioteca del Ateneo de Madrid Biblioteca del Ateneo de Madrid Sala Pardo Bazán 17/01/2008     B-2518 1168980 23/02/2023 23/02/2023 Libro impreso antiguo